Lý thuyết thông tin
Trình bày lí thuyết thông tin theo quan điểm kĩ thuật gồm: Biểu diễn thông tin tối ưu về kích thước, mã hoá chống nhiễu thông tin trên đường truyền, mã hoá bảo mật thông tin...
Gardado en:
| Autor Principal: | |
|---|---|
| Formato: | Libro |
| Idioma: | Undetermined |
| Publicado: |
Thành phố Hồ Chí Minh
Đại học Quốc gia Thành phố Hồ Chí Minh
2005
|
| Những chủ đề: | |
| Các nhãn: |
Engadir etiqueta
Sen Etiquetas, Sexa o primeiro en etiquetar este rexistro!
|
| Thư viện lưu trữ: | Trung tâm Học liệu Trường Đại học Cần Thơ |
|---|
| LEADER | 00887nam a2200205Ia 4500 | ||
|---|---|---|---|
| 001 | CTU_101473 | ||
| 008 | 210402s9999 xx 000 0 und d | ||
| 020 | |c 16500 | ||
| 082 | |a 003.54 | ||
| 082 | |b Qu502 | ||
| 100 | |a Hồ, Văn Quân | ||
| 245 | 0 | |a Lý thuyết thông tin | |
| 245 | 0 | |c Hồ Văn Quân | |
| 260 | |a Thành phố Hồ Chí Minh | ||
| 260 | |b Đại học Quốc gia Thành phố Hồ Chí Minh | ||
| 260 | |c 2005 | ||
| 520 | |a Trình bày lí thuyết thông tin theo quan điểm kĩ thuật gồm: Biểu diễn thông tin tối ưu về kích thước, mã hoá chống nhiễu thông tin trên đường truyền, mã hoá bảo mật thông tin... | ||
| 650 | |a Information theory,Telecommunication systems | ||
| 904 | |i M.Loan | ||
| 980 | |a Trung tâm Học liệu Trường Đại học Cần Thơ | ||